Sonar de campanas /

06-02-2013

Salvato in:
Dettagli Bibliografici
Autore principale: Rojas, Miguel
Natura: Sconosciuto
Lingua:Spanish
Pubblicazione: San José, Costa Rica: Gráfica Litho Offset, 2011.
Serie:Tinta en serie número 22
Soggetti:
Tags: Aggiungi Tag
Nessun Tag, puoi essere il primo ad aggiungerne!!

MARC

LEADER 000000000a22000000004500
001 001425
008 170712s2011 cr ||||| |||| 00| d spa d
020 |a 978-9968-735-32-2 
041 0 |a español 
082 |a CR862.4  |b R741s 
100 1 |a Rojas, Miguel 
245 1 0 |a Sonar de campanas /  |c Miguel Rojas 
260 |a San José, Costa Rica:   |b Gráfica Litho Offset,   |c 2011. 
300 |a 104 páginas 
490 1 |a Tinta en serie  |v número 22 
500 |a número de inscripción 14443 y 14366 
520 |a 06-02-2013 
650 4 |a LITERATURA COSTARRICENSE  |v TEATRO 
650 4 |a TEATRO COSTARRICENSE 
942 |2 ddc  |c BK 
999 |c 2429  |d 2429